书目信息 |
| 题名: |
动物源食品检疫检验技术
|
|
| 作者: | 陈琼 主编 | |
| 分册: | ||
| 出版信息: | 北京 科学出版社 2017.1 |
|
| 页数: | 208页 | |
| 开本: | 26cm | |
| 丛书名: | ||
| 单 册: | ||
| 中图分类: | TS251.7 | |
| 科图分类: | ||
| 主题词: | 动物性食品--食品检验--职业教育--教材 | |
| 电子资源: | ||
| ISBN: | 978-7-03-049876-2 | |
| 000 | 00820nam0 2200229 450 | |
| 001 | 0400002764 | |
| 005 | 20171021140408.0 | |
| 010 | @a978-7-03-049876-2@dCNY32.00 | |
| 100 | @a20170619e2017 em y0chiy50 ea | |
| 101 | 0 | @achi |
| 102 | @aCN@b110000 | |
| 105 | @aa z 000yy | |
| 106 | @ar | |
| 200 | 1 | @a动物源食品检疫检验技术@9dong wu yuan shi pin jian yi jian yan ji shu@f陈琼主编 |
| 210 | @a北京@c科学出版社@d2017.1 | |
| 215 | @a208页@c图@d26cm | |
| 330 | @a本书主要内容包括动物检疫检验基础知识、畜禽活体检疫技术、畜产品的检疫检验、水产品的检疫检验、无害化处理技术、消毒技术、生物安全、食品检疫检验管理和实训。 | |
| 606 | 0 | @a动物性食品@x食品检验@x职业教育@j教材 |
| 690 | @aTS251.7@v5 | |
| 701 | 0 | @a陈琼@9chen qiong@c(食品检疫)@4主编 |
| 801 | 0 | @aCN@b91MARC@c20171021 |
| 905 | @b1021698-702@dTS251.7@f5@e249 | |
| 动物源食品检疫检验技术/陈琼主编.-北京:科学出版社,2017.1 |
| 208页:图;26cm |
| ISBN 978-7-03-049876-2:CNY32.00 |
| 本书主要内容包括动物检疫检验基础知识、畜禽活体检疫技术、畜产品的检疫检验、水产品的检疫检验、无害化处理技术、消毒技术、生物安全、食品检疫检验管理和实训。 |
| ● |
| 相关链接 |
|
|
|
|
正题名:动物源食品检疫检验技术
索取号:TS251.7/249
 
预约/预借
| 序号 | 登录号 | 条形码 | 馆藏地/架位号 | 状态 | 备注 |
| 1 | 1021698 | 210216988 | 第二样本阅览室/ [索取号:TS251.7/249] | 在馆 | |
| 2 | 1021699 | 210216997 | 密集书库-生命科学系/ [索取号:TS251.7/249] | 在馆 | |
| 3 | 1021700 | 210217004 | 第三借阅区/ [索取号:TS251.7/249] | 在馆 | |
| 4 | 1021701 | 210217013 | 第三借阅区/ [索取号:TS251.7/249] | 在馆 | |
| 5 | 1021702 | 210217022 | 第三借阅区/ [索取号:TS251.7/249] | 在馆 |